Antique french jumping jacks: II easy-to-assemble taoys that move

Guardat en:
Dades bibliogràfiques
Format: Llibre
Idioma:anglès
Publicat: Nueva York Dover 1978
Col·lecció:Dover book on dolls and paper dolls
Matèries:
Etiquetes: Afegir etiqueta
Sense etiquetes, Sigues el primer a etiquetar aquest registre!

MARC

LEADER 00000nam a2200000 a 4500
001 UCY0032
003 CL-VaPUC
008 940707e19780000US |||||||||||||||||eng|d
082 0 4 |a 745.5922  |b ANT  |2 21 
245 1 0 |a Antique french jumping jacks: II easy-to-assemble taoys that move 
300 |a 10 p 
942 |c BK 
945 |d 19940707 00:00:00  |a oaravena 
260 |a Nueva York  |b Dover  |c 1978 
650 0 |a Títeres  |9 307644 
650 7 |a FABRICACION DE TITERES  |2 CL-VaPUC  |9 327604 
583 |a last modification  |c 19940707 00:00:00  |k Rodrigo Vera 
490 0 |a Dover book on dolls and paper dolls 
999 |c 229127  |d 229125 
952 |0 0  |1 0  |4 0  |6 745_592200000000000_ANT_1978  |7 0  |8 P  |9 229750  |a BIBARQ  |b BIBARQ  |d 2019-11-15  |i 2988518  |o 745.5922 ANT 1978  |p 2988518  |r 2025-01-20  |w 2019-11-15  |y BK  |k ARQ